| 000 | 00336nam a22001337a 4500 | ||
|---|---|---|---|
| 020 | _a81-7648-476-8 | ||
| 041 | _aENG | ||
| 100 | _aGhosh .A | ||
| 245 | _aNatural Resource Conservation And Environment Management | ||
| 260 |
_aNew Delhi _bAPH Publishing Corporation _c2003 |
||
| 300 | _a329 | ||
| 650 | _aEOES | ||
| 856 | _uEOES ( 12 ) | ||
| 999 |
_c1241 _d1241 |
||